| 000 | 02777cam a22002891 4500 | ||
|---|---|---|---|
| 001 | 31741 | ||
| 003 | BD-RjUL | ||
| 005 | 20211209051737.0 | ||
| 008 | 140422s1917 paucf 000 0ceng d | ||
| 035 | _a(BD-RjUL)31829 | ||
| 040 |
_aDLC _cCarP _dDLC _dBD-RjUL _beng |
||
| 041 | _aeng | ||
| 082 |
_a230.96 _bQUA Series-2 (p.229) V-1 1917 |
||
| 110 | 2 |
_aPhiladelphia Yearly Meeting of the Religious Society of Friends. _996565 |
|
| 245 | 1 | 0 |
_aQuaker biographies / _nSeries II : _pbrief biographical sketches concerning certain members of the Religious Society of Friends. _pVol I |
| 260 |
_aPhiladelphia, Pa. : _bFor sale at Friends' Book Store, _c1917. |
||
| 300 |
_a229 p. : _bill.; _c21 cm. |
||
| 490 | _abrief biographical sketches concerning certain members of the Religious Society of Friends. | ||
| 500 | _a"Issued by the Representatives of the Religious Society of Friends for Pennsylvania, New Jersey, and Delaware"--P. ii. | ||
| 500 |
_aForms part of the personal library materials in the Joseph and Elizabeth Robins Pennell Collection. _5DLC |
||
| 505 | 0 | _aI. George Fox, by D.H. Forsythe. William Penn, by Lucy B. Roberts. Margaret (Fell) Fox, by Ruth E. Chambers. The Barclays, by D.H. Forsythe.--II. Isaac and Mary Penington, by Abby Newhall. Richard Davies, by D.H. Forsythe. Mary Fisher and Elizabeth Hooton, by Susan Williams. Thomas Ellwood, by Mary S. Allen. William Edmundson, by D.H. Forsythe. John Roberts, by D.H. Forsythe. Youthful disciples, by Susanna S. Kite. Francis Howgill and Edward Burrough, by Susanna S. Kite. Boston martyrs, by Annie B. Gidley.--III. John Woolman, by Edith Bardsley Bellows. Thomas Chalkley, by Walter Brinton. Thomas Story, by Katharine E. Rhoads. Mary Pryor, by M. Elizabeth Haines. Anthony Benezet, by Mary S. Allen. Indian embassages, by Elizabeth W. Warner. Samuel Emlen, by Elizabeth S. Pennell. Exiles of Virginia, by Ann Sharpless. Arthur Howell, by Mary Elizabeth Hopkins. John Churchman, by D.H. Forsythe.--IV. Rebecca Jones, by Ruth E. Chambers. The Fothergills by D.H. Forsythe. Elizabeth Fry, by Frances Tatum Rhoads. Daniel Wheeler, by D.H. Forsythe. Stephen Grellet, by A.C. Garret.--V. William Allen, by Anne Balderston. Thomas Shillitoe, by Esther K. Alsop. Benjamin Seebohm, by Frances Tatum Rhoads. Joseph Sturge, by Lily Sturge. Friends and slavery, by Jessie Gidley Carter. Christine Majolier Alsop, by Emily Forsythe. John M. and Mary Whitall, by Rebecca N. Taylor, The botanists, Bartram and Marshall, by D.H. Forsythe. William Urich Ditzler, by Jane M. Page. | |
| 650 | 0 |
_aQuakers _vBiography. _996597 |
|
| 830 |
_abrief biographical sketches concerning certain members of the Religious Society of Friends. _996567 |
||
| 942 |
_2ddc _cBK |
||
| 999 |
_c31741 _d31741 |
||